000 00629nam a22001817a 4500
003 UA-OsUOA
001 12839
007 ta
008 20050531b un ||||| |||| 00| 0 ukr d
100 _aПогребна О.
942 _cSA
040 _aUA-OsUOA
_cUA-OsUOA
_dUA-OsUOA
245 _aЕлектронні ресурси Національної парламентської бібліотеки України в інформаційному супроводі процесу політичних реформ у державі
300 _aС.19-20
955 _a0
773 0 _w0
650 7 _aБібліографія
_2UDC
999 _c299000
_d299000